000
00317 a2200157 4500
001
61688
020
_a
9788564199149
040
_c
Anchieta - Pituba
100
_a
Paula, Luciano de
240
1
0
_a
Cena em sala
_l
por
245
1
0
_a
Cena em sala
300
_a
145
362
0
_a
2011
650
4
_a
Teatro
942
_c
BK
999
_c
61688
_d
61688